|
|
|
|
| LEADER |
03590nam a22004815i 4500 |
| 001 |
978-3-319-22491-6 |
| 003 |
DE-He213 |
| 005 |
20160209134126.0 |
| 007 |
cr nn 008mamaa |
| 008 |
160209s2016 gw | s |||| 0|eng d |
| 020 |
|
|
|a 9783319224916
|9 978-3-319-22491-6
|
| 024 |
7 |
|
|a 10.1007/978-3-319-22491-6
|2 doi
|
| 040 |
|
|
|d GrThAP
|
| 050 |
|
4 |
|a RG133.5
|
| 072 |
|
7 |
|a MFKC
|2 bicssc
|
| 072 |
|
7 |
|a HEA039060
|2 bisacsh
|
| 082 |
0 |
4 |
|a 612.6
|2 23
|
| 245 |
1 |
0 |
|a Primary Ovarian Insufficiency
|h [electronic resource] :
|b A Clinical Guide to Early Menopause /
|c edited by Nanette F. Santoro, Amber R. Cooper.
|
| 250 |
|
|
|a 1st ed. 2016.
|
| 264 |
|
1 |
|a Cham :
|b Springer International Publishing :
|b Imprint: Springer,
|c 2016.
|
| 300 |
|
|
|a X, 207 p. 7 illus., 3 illus. in color.
|b online resource.
|
| 336 |
|
|
|a text
|b txt
|2 rdacontent
|
| 337 |
|
|
|a computer
|b c
|2 rdamedia
|
| 338 |
|
|
|a online resource
|b cr
|2 rdacarrier
|
| 347 |
|
|
|a text file
|b PDF
|2 rda
|
| 505 |
0 |
|
|a Defining Menopause: What Is Early, What Is Late -- Etiologies of Premature Ovarian Insufficiency -- Signs and Symptoms of Premature Ovarian Insufficiency -- Diagnosis of Premature Ovarian Insufficiency -- Mechanisms for Infertility Associated with Premature Ovarian Insufficiency and Failure -- Non-Reproductive Associations with Premature Ovarian Insufficiency and Failure -- Non-Invasive Methods for Enhancing Ovarian Function -- IVF and Egg Donation in Women with Premature Ovarian Insufficiency and Failure -- Treatment-Independent Conception in Premature Ovarian Insufficiency and Failure -- Mood Matters in Women with Premature Ovarian Insufficiency and Failure -- Future Shock: Can the Ovary Replenish Its Egg Supply?- When Pregnancy Is Not the Issue: Hormone Therapy and Long-Term Health Management.
|
| 520 |
|
|
|a Presenting the most current and relevant information on the diagnosis and management of primary ovarian insufficiency, also known as premature ovarian failure (POI/POF), this book presents two equally important voices. The first is the scientific, evidence-based voice discussing the latest information on POI/POF in a concise and logical fashion: etiologies, symptoms, genetics, mechanisms, associated conditions, as well as psychological and lifestyle considerations. The second voice presents the first-person stories of affected women, who are often faced with a diagnosis of irreversible infertility at a very young age and who somehow learn to live with great uncertainty about their ability to create a family – a core identity issue for many women. It is thus not simply a clinical, case-based presentation, but a more collaborative effort between clinicians who are well-versed in the field and women who have POI/POF. Primary Ovarian Insufficiency: A Clinical Guide to Early Menopause will therefore be an excellent practical yet personal reference for OB/GYNs, reproductive medicine specialists, and any clinician, nurse or health care worker treating women living with POI/POF.
|
| 650 |
|
0 |
|a Medicine.
|
| 650 |
|
0 |
|a Gynecology.
|
| 650 |
|
0 |
|a Endocrinology.
|
| 650 |
|
0 |
|a Reproductive medicine.
|
| 650 |
1 |
4 |
|a Medicine & Public Health.
|
| 650 |
2 |
4 |
|a Reproductive Medicine.
|
| 650 |
2 |
4 |
|a Gynecology.
|
| 650 |
2 |
4 |
|a Endocrinology.
|
| 700 |
1 |
|
|a Santoro, Nanette F.
|e editor.
|
| 700 |
1 |
|
|a Cooper, Amber R.
|e editor.
|
| 710 |
2 |
|
|a SpringerLink (Online service)
|
| 773 |
0 |
|
|t Springer eBooks
|
| 776 |
0 |
8 |
|i Printed edition:
|z 9783319224909
|
| 856 |
4 |
0 |
|u http://dx.doi.org/10.1007/978-3-319-22491-6
|z Full Text via HEAL-Link
|
| 912 |
|
|
|a ZDB-2-SME
|
| 950 |
|
|
|a Medicine (Springer-11650)
|